Formel E Fahrer 2024/25 - Statistiken

Allgemein
  • Dieses Quiz wurde 6 mal gespielt
  • Das Durchschnittsergebnis liegt bei 16 aus 24
Antwortstatistiken
Team Nummer Nation Fahrer % Korrekt
Mahindra(14) 21 Niederlande Nyck de Vries
100%
Porsche 1 Deutschland Pascal Wehrlein
100%
Porsche 15 Portugal Antonio Felix da Costa
83%
DS Penske 25 Frankreich Jean-Eric Vergne
83%
Andretti 51 Schweiz Nico Müller
83%
Nissan 23 Großbritannien Oliver Rowland
83%
Envision 16 Schweiz Sebastien Buemi
83%
Mahindra 48 Schweiz Edoardo Mortara
67%
Maserati 55 Großbritannien Jake Hughes
67%
Lola Yamaha ABT 11 Brasilien Lucas di Grassi
67%
DS Penske 7 Deutschland Maximilian Günther
67%
Jaguar 9 Neuseeland Mitch Evans
67%
Jaguar 37 Neuseeland Nick Cassidy
67%
Nissan(14) 17 Frankreich Norman Nato
67%
Envision 4 Niederlande Robin Frijns
67%
McLaren 8 Großbritannien Sam Bird
67%
Maserati 2 Belgien Stoffel Vandoorne
67%
Lola Yamaha ABT 22 Barbados Zane Maloney
67%
Cupra 33 Großbritannien Dan Ticktum
50%
Cupra 3 Deutschland David Beckmann
50%
Andretti 27 Großbritannien Jake Dennis
50%
Nissan(2) 17 Brasilien Sergio Sette Camara
50%
McLaren 5 Großbritannien Taylor Barnard
50%
Mahindra(2) 21 Brasilien Felipe Drugovich
33%
Keine übereinstimmenden Quizze gefunden
Verteilung der Resultate
Anzahl Personen mit jedem Resultat
Perzentil nach korrekt beantworteten Fragen
Ihre Resultats-Entwicklung
Sie haben dieses Quiz noch nicht gespielt